Library Logo

Pioneer International University Library Catalogue

ELEMENTARY PARTICLES (Record no. 6245)

MARC details
000 -LEADER
fixed length control field 00273nam a22000977a 4500
005 - DATE AND TIME OF LATEST TRANSACTION
control field 20250901165601.0
008 - FIXED-LENGTH DATA ELEMENTS--GENERAL INFORMATION
fixed length control field 231109b |||||||| |||| 00| 0 eng d
050 ## - LIBRARY OF CONGRESS CALL NUMBER
Classification number QC721.S67 1964
245 ## - TITLE STATEMENT
Title ELEMENTARY PARTICLES
Statement of responsibility, etc. Sokolov, A.A.
942 ## - ADDED ENTRY ELEMENTS (KOHA)
Source of classification or shelving scheme Library of Congress Classification
Classification part QC721.S67 1964
Holdings
Withdrawn status Lost status Source of classification or shelving scheme Damaged status Not for loan Home library Current library Shelving location Date acquired Total checkouts Full call number Barcode Date last seen Price effective from Koha item type
    Library of Congress Classification     Main Library Main Library   11/09/2023   QC721.S67 1964 PIU01902358 11/09/2023 11/09/2023 Books